000
00285 a2200145 4500
001
194519
040
_c
Magnum
100
_a
França, Mary
240
1
0
_a
O retrato
_l
por
245
1
0
_a
O retrato
362
0
_a
2007
440
1
_a
Ática
697
_a
LITERATURA INFANTIL
942
_c
BK
999
_c
194519
_d
194519